Estudio de la realidad social argentina 2 /
Guardado en:
| Autor Principal: | |
|---|---|
| Formato: | Libro |
| Publicado: |
Buenos Aires :
Coliseo,
1974
|
| Materias: | |
| Etiquetas: |
Agregar Etiqueta
Sin Etiquetas, Sea el primero en etiquetar este registro!
|
| LEADER | 00625nam a22002055a 4500 | ||
|---|---|---|---|
| 001 | CEM.cems004400 | ||
| 005 | 20060216000000.0 | ||
| 008 | 130507s1974##################000#0#####d | ||
| 003 | CEMS | ||
| 082 | 0 | 4 | |a 309.82 |
| 100 | 1 | |a Mignone, Emilio F. | |
| 245 | 1 | 0 | |a Estudio de la realidad social argentina 2 / |
| 260 | |a Buenos Aires : |b Coliseo, |c 1974 | ||
| 300 | |a 198 p. | ||
| 653 | |a Clases sociales-argentina | ||
| 653 | |a Cultura popular-argentina | ||
| 653 | |a Educacion civica 2do. año | ||
| 653 | |a Familia argentina | ||
| 653 | |a Medios masivos de comunicacion | ||
| 859 | |a CEMS |b BIB. CEMS - 11 de abril |h 309.82 |i M588/2 |p 1438.74 |t Ej.1 | ||
